000 00667nam a22002297a 4500
005 20170124110151.0
010 _a155870
020 _c00.00
035 _a155870
037 _bCen Lib/Ret
040 _aDPL
_bEN
082 _a658.32
_bPRO
245 _aProductivity and economic incentives /
_cby J.P.Davison...[et al]
260 _aLondon
_bGeorge Allen & Unwin
_c1958
270 _aRuskin House, Museum Street
_bLondon
300 _a306p.
_c20cm(Hb)
500 _aIncludes index
650 _aLabor productivity
_9101737
650 _aIncentives in industry
_933922
700 _aDavison, J.P.
_933923
942 _2ddc
_cEN
_h658.32
_mPRO
999 _c132183
_d132183